000 01210nam0a2200325 4500
001 RU\NLR\bibl\543804
005 20260409075702.0
010 _a5-9524-0882-6
_910000
021 _aRU
_b2004-35273
_91769
035 _a(NLR Aleph) 000536032
090 _a1383230
_c1383230
100 _a20040809d2004 |||y0rusy50 ca
101 1 _arus
_ceng
102 _aRU
105 _ay |||||||||
200 1 _aВоспитай счастливого ребенка
_eРазвитие личности от 3 до 12 лет
_fХ.Г. Гинот
_g[Пер. с англ. А.Н. Анваера]
210 _aМ.
_cЦентрполиграф
_d2004
215 _a184,[1] с.
_d20
606 0 _aДети и родители
_xПсихологическая служба
_92100863
_3RU\NLR\auth\661270599
606 _aВоспитание в семье
_3RU\NLR\auth\663372
_9893586
606 _aСемейное воспитание
_3RU\NLR\auth\661492311
_92518001
686 _aС550.325
686 _aЧ491.3
700 1 _aГинот
_bХ. Г.
_gХаим Г
_4070
801 0 _aRU
_bNLR
_c20040809
_gPSBO
801 1 _aRU
_bNLR
_c20040809
830 _aАвт. по кн.
942 _cBOOK
980 _aNB